Marruecos hace cien años (Record no. 139667)

MARC details
000 -LEADER
campo de control de longitud fija 00851nam a2200241 4500
001 - NÚMERO DE CONTROL
campo de control 139667
003 - IDENTIFICADOR DE NÚMERO DE CONTROL
campo de control ES-MaACL
005 - FECHA Y HORA DE LA ÚLTIMA TRANSACCIÓN
campo de control 20230906195853.0
007 - CAMPO FIJO DE DESCRIPCIÓN FÍSICA--INFORMACIÓN GENERAL
campo de control de longitud fija t|
008 - DATOS DE LONGITUD FIJA--INFORMACIÓN GENERAL
campo de control de longitud fija 070214s1912 fr r ||||1| spa d
080 ## - NÚMERO DE LA CLASIFICACIÓN DECIMAL UNIVERSAL
Número de la Clasificación Decimal Universal 91(64)
100 1# - ENTRADA PRINCIPAL--NOMBRE DE PERSONA
Nombre de persona Lempriere, William (
Fechas asociadas al nombre m. 1834)
9 (RLIN) 148953
245 10 - MENCIÓN DEL TÍTULO
Título Marruecos hace cien años
Resto del título : (recuerdos del cirujano W. Lampriere) : con notas tomadas de documentos de los archivos y memorias /
Mención de responsabilidad, etc. Albert Savine ; traducción de Gustavo Vivero.
260 ## - PUBLICACIÓN, DISTRIBUCIÓN, ETC.
Lugar de publicación, distribución, etc. Paris :
Nombre del editor, distribuidor, etc. F. Schmidt,
Fecha de publicación, distribución, etc. 1912.
300 ## - DESCRIPCIÓN FÍSICA
Extensión 192 p. :
Otras características físicas il. ;
Dimensiones 19 cm.
490 1# - MENCIÓN DE SERIE
Mención de serie Colección histórica ilustrada
651 #4 - PUNTO DE ACCESO ADICIONAL DE MATERIA--NOMBRE GEOGRÁFICO
Nombre geográfico Marruecos-
Subdivisión general Descripción.
9 (RLIN) 9025
700 1# - ENTRADA AGREGADA--NOMBRE PERSONAL
Nombre de persona Vivero, Gustavo.
9 (RLIN) 115565
700 0# - ENTRADA AGREGADA--NOMBRE PERSONAL
Nombre de persona Savine, Albert.
9 (RLIN) 104073
830 0# - PUNTO DE ACCESO ADICIONAL DE SERIE-TÍTULO UNIFORME
Título uniforme Colección histórica ilustrada
9 (RLIN) 220252
852 ## - LOCALIZACIÓN
Ubicación ES-MaACL
Número de control de estantería C-2497
Holdings
Estatus retirado Estado de pérdida Estado de daño No para préstamo Biblioteca de origen Biblioteca actual Ubicación en estantería Fecha de adquisición Fuente de adquisición Total de préstamos Signatura topográfica completa Código de barras Visto por última vez Precio de reemplazo Tipo de ítem Koha
        Biblioteca del Ateneo de Madrid Biblioteca del Ateneo de Madrid Sala Palomar 17/01/2008     C-2497 1145345 23/02/2023 23/02/2023 Libro impreso